00836nam a2200193 i 450000100060000000300090000600500170001500700030003200800410003510000410007624501790011726000780029630000220037460000450039671000430044185200210048499900170050595201200052256489ES-MaACL20240215211646.0t|031009s1937 cu ||||1| spa d1 aDihigo y Mestre, Juan Miguel.94480510aElogio del Dr. Mario García Kohly b: (fundador de esta corporación) : leído en la sesión celebrada el día 8 de febrero de 1937 / cpor Juan Miguel Dihigo y Mestre. aHabana : b[Academia de la Historia de Cuba, c1937] (fImp. El Siglo XX) a149 p. ; c25 cm.14aGarcía Kohly, Mario,d1871-19359548042 aAcademia de la Historia de Cuba.91183 aES-MaACLjA-4800 c56489d56489 00104070aATENEOMbATENEOMcSPP1d2008-01-17eSCl0oA-4800p1059327r2023-02-23 00:00:00w2023-02-23yMONOGRAFIA